MARC details
| 001 - CONTROL NUMBER |
| control field |
23931165 |
| 003 - CONTROL NUMBER IDENTIFIER |
| control field |
0000 |
| 005 - DATE AND TIME OF LATEST TRANSACTION |
| control field |
20260402122236.0 |
| 008 - FIXED-LENGTH DATA ELEMENTS--GENERAL INFORMATION |
| fixed length control field |
241122t20242025flu b 001 0 eng |
| 010 ## - LIBRARY OF CONGRESS CONTROL NUMBER |
| LC control number |
2024035316 |
| 020 ## - INTERNATIONAL STANDARD BOOK NUMBER |
| International Standard Book Number |
9781032347165 |
| 020 ## - INTERNATIONAL STANDARD BOOK NUMBER |
| International Standard Book Number |
9781032347172 |
| 020 ## - INTERNATIONAL STANDARD BOOK NUMBER |
| Cancelled/invalid ISBN |
9781003323488 |
| 035 ## - SYSTEM CONTROL NUMBER |
| System control number |
23931165 |
| 040 ## - CATALOGING SOURCE |
| Original cataloging agency |
DLC |
| Language of cataloging |
eng |
| Description conventions |
rda |
| Transcribing agency |
DLC |
| 042 ## - AUTHENTICATION CODE |
| Authentication code |
pcc |
| 050 00 - LIBRARY OF CONGRESS CALL NUMBER |
| Classification number |
GB 458.8 |
| Item number |
.P37 2024 |
| 082 00 - DEWEY DECIMAL CLASSIFICATION NUMBER |
| Classification number |
551.3/070285 |
| Edition number |
23/eng/20241123 |
| 100 1# - MAIN ENTRY--PERSONAL NAME |
| Personal name |
Pardeshi, Sudhakar Dhondu, |
| Relator term |
author. |
| 245 14 - TITLE STATEMENT |
| Title |
The role of geospatial technologies in landslide hazard assessment / |
| Statement of responsibility, etc |
Sudhakar Dhondu Pardeshi, Sumant Eknath Autade, Suchitra Sudhakar Pardeshi. |
| 250 ## - EDITION STATEMENT |
| Edition statement |
First edition. |
| 263 ## - PROJECTED PUBLICATION DATE |
| Projected publication date |
2412 |
| 264 #1 - PUBLICATION, DISTRIBUTION, ETC. (IMPRINT) |
| Place of publication, distribution, etc |
Boca Raton : |
| Name of publisher, distributor, etc |
CRC Press, |
| Date of publication, distribution, etc |
2024. |
| 264 #4 - PUBLICATION, DISTRIBUTION, ETC. (IMPRINT) |
| Place of publication, distribution, etc |
♭ 2025 |
| 300 ## - PHYSICAL DESCRIPTION |
| Extent |
xxii, 282p.: |
| Other physical details |
ill.: |
| 336 ## - CONTENT TYPE |
| Content type term |
text |
| Content type code |
txt |
| Source |
rdacontent |
| 337 ## - MEDIA TYPE |
| Media type term |
unmediated |
| Media type code |
n |
| Source |
rdamedia |
| 338 ## - CARRIER TYPE |
| Carrier type term |
volume |
| Carrier type code |
nc |
| Source |
rdacarrier |
| 500 ## - GENERAL NOTE |
| General note |
Includes bibliographical references and index. |
| 504 ## - BIBLIOGRAPHY, ETC. NOTE |
| Bibliography, etc |
Includes bibliographical references and index. |
| 520 ## - SUMMARY, ETC. |
| Summary, etc |
"This book is designed to provide detailed methodological framework for landslide hazard assessment. The focus is on various dimensions of landslide hazard assessment including terminologies used in landslide hazard analysis, landslide inventory systems used globally and their relevance in generating complete and reliable landslide database for further analysis supported by global case studies. It includes overview of methodological developments in landslide hazard assessment and role of geospatial technologies in landslide studies. The book helps understand the technical details of geospatial techniques applied in hazard management and deals with the practicalities of how to recognize and classify unstable terrain. It covers recent advances in landslide estimation, particularly the automated means of landslide susceptibility estimation and explores methodological frameworks of landslide hazard assessment. It also illustrates case studies from USA, Europe and Asia including demonstration of different methodologies of landslide susceptibility zonation. This book is aimed at researchers, graduate students, and libraries in geotechnical and environmental engineering"-- |
| Assigning source |
Provided by publisher. |
| 650 #0 - SUBJECT ADDED ENTRY--TOPICAL TERM |
| Topical term or geographic name as entry element |
Landslide hazard analysis. |
| 650 #0 - SUBJECT ADDED ENTRY--TOPICAL TERM |
| Topical term or geographic name as entry element |
Geographic information systems. |
| 650 #0 - SUBJECT ADDED ENTRY--TOPICAL TERM |
| Topical term or geographic name as entry element |
Remote sensing. |
| 700 1# - ADDED ENTRY--PERSONAL NAME |
| Personal name |
Autade, Sumant Eknath, |
| Relator term |
author. |
| 700 1# - ADDED ENTRY--PERSONAL NAME |
| Personal name |
Pardeshi, Suchitra Sudhakar, |
| Relator term |
author. |
| 776 08 - ADDITIONAL PHYSICAL FORM ENTRY |
| Relationship information |
Online version: |
| Main entry heading |
Pardeshi, Sudhakar Dhondu. |
| Title |
Role of geospatial technologies in landslide hazard assessment |
| Edition |
First edition. |
| Place, publisher, and date of publication |
Boca Raton : CRC Press, 2024 |
| International Standard Book Number |
9781003323488 |
| Record control number |
(DLC) 2024035317 |
| 906 ## - LOCAL DATA ELEMENT F, LDF (RLIN) |
| a |
7 |
| b |
cbc |
| c |
orignew |
| d |
1 |
| e |
ecip |
| f |
20 |
| g |
y-gencatlg |
| 942 ## - ADDED ENTRY ELEMENTS (KOHA) |
| Source of classification or shelving scheme |
Library of Congress Classification |
| Koha item type |
Books |